| 000 | 00000nas 2200000za 4500 |
| 001 | 9.821694 |
| 003 | CaOODSP |
| 005 | 20221107143523 |
| 007 | cr ||||||||||| |
| 008 | 160727d19491953oncqr p o f0###a0eng|d |
| 040 | |aCaOODSP|beng |
| 043 | |an-cn--- |
| 086 | 1 |aDC2-3E-PDF |
| 245 | 00|aCrash comment |h[electronic resource] / |cissued by Accident Investigation Branch, R.C.A.F. Headquarters. |
| 260 | |aOttawa : |b[Royal Canadian Air Force], |c1950?-1954. |
| 310 | |aQuarterly |
| 362 | 0 |aOctober/November/December 1949?-Fourth quarter 1953. |
| 550 | |aIssued 1953 by Directorate of Flight Safety. |
| 692 | 07|2gccst|aAviation |
| 692 | 07|2gccst|aAircraft accidents |
| 710 | 1 |aCanada.|bDepartment of National Defence.|bDirectorate of Flight Safety. |
| 710 | 1 |aCanada.|bRoyal Canadian Air Force. |